AH International Schools' Libraries

Junie B. Jones and her big fat mouth / (Record no. 48752)

MARC details
000 -LEADER
fixed length control field 00296nam a2200109 4500
020 ## - INTERNATIONAL STANDARD BOOK NUMBER
International Standard Book Number 9780679844075
100 ## - MAIN ENTRY--PERSONAL NAME
Personal name Park, Barbara
245 ## - TITLE STATEMENT
Title Junie B. Jones and her big fat mouth /
Statement of responsibility, etc Barbara Park
260 ## - PUBLICATION, DISTRIBUTION, ETC. (IMPRINT)
Place of publication, distribution, etc New York
Name of publisher, distributor, etc Random House
Date of publication, distribution, etc 19--
300 ## - PHYSICAL DESCRIPTION
Extent 69 p.
Other physical details col. ill.
Dimensions 20 cm.
942 ## - ADDED ENTRY ELEMENTS (KOHA)
Source of classification or shelving scheme
Koha item type Book
Holdings
Withdrawn status Lost status Source of classification or shelving scheme Damaged status Not for loan Collection code Home library Current library Shelving location Date acquired Total Checkouts Full call number Barcode Date last seen Price effective from Koha item type Public note
          TEACHERS' RESOURCES Asian Hope Early Years Library Asian Hope Early Years Library Junior Fiction 03/28/2025   CB FIC PAR 206322 03/28/2025 03/28/2025 Book YEAR 1 BOOK

For any Logos Library related questions please contact Miss Art at swongnarasuk@asianhope.org.

For any Asian Hope Library related questions please contact Miss Raza at graza@asianhope.org.

Powered by Koha